To była dekada- Ważne wydarzenia 1980-1989 - Statystyki

Ogólne statystyki
  • Ten quiz został rozwiązany 280 razy
  • Średni wynik to 11 z 20
Statystyki odpowiedzi
Rok Wydarzenie Odpowiedź % Poprawnych
1981 Dochodzi do zamachu na życie tego papieża. Jan Paweł II
97%
1986 W tej elektrowni jądrowej dochodzi do największego wypadku nuklearnego w historii energii jądrowej. Czarnobylska Elektrownia Jądrowa
91%
1983 Ten działacz związkowy z Polski, zostaje laureatem pokojowej nagrody nobla. Lech Wałęsa
91%
1980 Ten polski poeta, eseista zostaje laureatem nagrody nobla w dziedzinie literatury. Czesław Miłosz
85%
1989 W tym kraju dochodzi do częściowych wolnych wyborów, rozpoczynając proces upadku komunizmu w Europie Środkowo-Wschodniej. Polska
82%
1985 W tym kraju rozpoczyna się okres tzw. pieriestrojki. Związek Radziecki
78%
1987 Ta kobieta zostaje po raz trzeci wybrana na premier Wielkiej Brytanii. Margaret Thatcher
67%
1980 Muzyk ten, członek znanego zespołu rockowego, ginie z ręki Marka Davida Chapmana. John Lennon
60%
1981 Na życie tego prezydenta USA, dochodzi do nieudanego zamachu. Ronald Reagan
60%
1982 Umiera ten sowiecki Sekretarz Generalny KPZR. Leonid Breżniew
54%
1989 Do kin trafia ekranizacja Tima Burtona tego znanego komiksu z uniwersum DC. Batman
53%
1984 W tym afrykańskim kraju dochodzi do klęski głodu. Etiopia
52%
1987 Swoją premierę ma musical o tym tytule z Patrickiem Swayze oraz Jennifer Grey w rolach głównych, film zdobywa Oskara za najlepszą piosenkę. Dirty Dancing
51%
1984 Ta indyjska polityk, oraz premier ginie w zamachu z rąk własnych ochroniarzy. Indira Ghandi
49%
1982 Micheal Jackson wydaje ten album, rewolucjonizując muzykę pop. Thriller
48%
1988 Potężne trzęsienie ziemi w tej republice radzieckiej (dziś niepodległe państwo), zabija ponad 60 000 osób. Armenia
39%
1986 Kosmiczny wahadłowiec o tej nazwie wybucha 73 sekundy po starcie. Challenger
30%
1983 Dochodzi do emisji ostatniego odcinka tego serialu telewizyjnego, opowiadającego o Wojnie Koreańskiej, bijąc rekord oglądalności w USA. M*A*S*H
17%
1988 Nad terytorium tego kraju dochodzi do zamachu bombowego w samolocie Pan Am 103, przeprowadzonego przez libijskich terrorystów. Szkocja
16%
1985 Swoją premierę w USA ma ta konsola do gier video, przywracając ten segment rynku po krachu roku 1983. Nintendo Entertainment System
9%
Nie znaleziono quizów pasujących do podanych kryteriów
Rozkład punktacji
Procent ludzi z każdym wynikiem
Percentyl według liczby udzielonych odpowiedzi
Twoja historia wyników
Nie rozwiązałeś tego quizu